Estatísticas para Países da África

Clique aqui para jogar o quiz

Estatísticas Gerais

  • Esse quiz foi jogado 6 774 vezes
  • A pontuação média é 43 de 54

Respostas no mapa

Respostas codificadas por cores de uma escala verde-vermelha no mapa do quiz de acordo com a % correta abaixo.
Carregando ...
 

Estatísticas das Respostas

País% Correto
África do Sul
98%
Egito
97%
Madagascar
95%
Angola
94%
Marrocos
93%
República Democrática
do Congo
93%
República do Congo
93%
Niger
91%
Argélia
91%
Nigéria
88%
Moçambique
88%
Sudão
88%
Cabo Verde
86%
Camarões
86%
Guiné
86%
Etiópia
86%
Somália
83%
Sudão do Sul
83%
Líbia
83%
Zimbábue
83%
Tunísia
82%
Gana
82%
Zâmbia
81%
Senegal
81%
Costa do Marfim
80%
Quênia
80%
Guiné-Bissau
79%
Guiné Equatorial
78%
Mali
78%
República
Centro-Africana
77%
Botswana
76%
Uganda
76%
Ruanda
76%
Chade
75%
Eritréia
75%
Namíbia
74%
Togo
74%
Mauritânia
74%
Serra Leoa
74%
Tanzânia
74%
Lesoto
73%
Libéria
72%
Gabão
70%
São Tomé e Príncipe
69%
Gambia
68%
Malawi
68%
Burkina Faso
67%
Suazilândia
66%
Comores
65%
Mauricía
65%
Benim
64%
Seychelles
64%
Djibouti
64%
Burundi
63%

Distribuição das Pontuações

Percentil de Números Respondidos

Porcentagem de Pessoas com Cada Pontuação

Sua Pontuação Histórica

Você não jogou esse quiz